MARC

LEADER 00000nam0a2200000 4500
001 257353
005 20231101233208.0
020 |a RU  |b 80-79891 
035 |a (RuTPU)RU\TPU\book\280148 
090 |a 257353 
100 |a 20140416d1980 k a0rusy5003 ca 
101 0 |a rus 
102 |a RU 
105 |a a z 001zy 
200 1 |a Хронометрические системы  |f В. А. Шполянский 
205 |a 2-е изд., перераб. и доп. 
210 |a Москва  |c Машиностроение  |d 1980 
215 |a 584 с.  |c ил. 
305 |a Загл. 1-го изд.: Электрочасовые системы 
320 |a Библиогр.: с. 582-584. 
606 1 |a Хронометры  |2 stltpush  |3 (RuTPU)RU\TPU\subj\17662  |9 43241 
610 1 |a хронометрические системы 
610 1 |a виды 
610 1 |a первичные часы 
610 1 |a методы 
610 1 |a точность 
610 1 |a вторичные часы 
610 1 |a теория 
610 1 |a расчет 
610 1 |a проектирование 
675 |a 681.11  |z rus  |v 3 
700 1 |a Шполянский  |b В. А.  |g Владимир Александрович  |4 070 
801 0 |a RU  |b RuMRKP  |c 19950704  |g psbo 
801 1 |a RU  |b 63413507  |c 20140416 
801 2 |a RU  |b 63413507  |c 20210426  |g RCR 
942 |c BK